LEADER 01977nam 22006494a 450 001 9910458052103321 005 20200520144314.0 010 $a0-292-79795-8 035 $a(CKB)1000000000397118 035 $a(OCoLC)191936559 035 $a(CaPaEBR)ebrary10190664 035 $a(SSID)ssj0000259519 035 $a(PQKBManifestationID)11192601 035 $a(PQKBTitleCode)TC0000259519 035 $a(PQKBWorkID)10186762 035 $a(PQKB)11675233 035 $a(MiAaPQ)EBC3443081 035 $a(OCoLC)55941108 035 $a(MdBmJHUP)muse1978 035 $a(Au-PeEL)EBL3443081 035 $a(CaPaEBR)ebr10190664 035 $a(EXLCZ)991000000000397118 100 $a20000520d2001 ub 0 101 0 $aeng 135 $aurcn||||||||| 181 $ctxt 182 $cc 183 $acr 200 10$aTime, history, and belief in Aztec and Colonial Mexico$b[electronic resource] /$fRoss Hassig 205 $a1st ed. 210 $aAustin, TX $cUniversity of Texas Press$d2001 215 $a1 online resource (239 p.) 300 $aBibliographic Level Mode of Issuance: Monograph 311 $a0-292-73140-X 311 $a0-292-73139-6 320 $aIncludes bibliographical references (p. 193-209) and index. 606 $aAztec calendar 606 $aAztecs$xHistory 606 $aAztec cosmology 606 $aManuscripts, Nahuatl 606 $aTime$xSocial aspects$zMexico 607 $aMexico$xHistory$ySpanish colony, 1540-1810 608 $aElectronic books. 615 0$aAztec calendar. 615 0$aAztecs$xHistory. 615 0$aAztec cosmology. 615 0$aManuscripts, Nahuatl. 615 0$aTime$xSocial aspects 676 $a529/.32978452 700 $aHassig$b Ross$f1945-$0865807 801 0$bMiAaPQ 801 1$bMiAaPQ 801 2$bMiAaPQ 906 $aBOOK 912 $a9910458052103321 996 $aTime, history, and belief in Aztec and Colonial Mexico$91932230 997 $aUNINA LEADER 03895nam 22006015 450 001 9910300757203321 005 20200704213751.0 010 $a9781484237007 010 $a1484237005 024 7 $a10.1007/978-1-4842-3700-7 035 $a(CKB)3850000000033399 035 $a(DE-He213)978-1-4842-3700-7 035 $a(MiAaPQ)EBC5485320 035 $a(CaSebORM)9781484237007 035 $a(PPN)229506143 035 $a(OCoLC)1050170788 035 $a(OCoLC)on1050170788 035 $a(EXLCZ)993850000000033399 100 $a20180703d2018 u| 0 101 0 $aeng 135 $aurnn#008mamaa 181 $ctxt$2rdacontent 182 $cc$2rdamedia 183 $acr$2rdacarrier 200 10$aDefending IoT Infrastructures with the Raspberry Pi $eMonitoring and Detecting Nefarious Behavior in Real Time /$fby Chet Hosmer 205 $a1st ed. 2018. 210 1$aBerkeley, CA :$cApress :$cImprint: Apress,$d2018. 215 $a1 online resource (XV, 178 p. 68 illus.) 300 $aIncludes index. 311 08$a9781484236994 311 08$a1484236998 327 $aChapter 1: IoT Vulnerabilities -- Chapter 2: Classifying and Modeling IoT Behavior -- Chapter 3: Raspberry Pi Configuration and PackerRecorder.py Enhancements -- Chapter 4: Raspberry Pi as a Sensor -- Chapter 5: Operating the Raspberry Pi Sensor -- Chapter 6: Adding Finishing Touches -- Chapter 7: Future Considerations -- Appendix: Obtaining the Python Source Code -- Glossary -- . 330 $aApply a methodology and practical solutions for monitoring the behavior of the Internet of Things (IoT), industrial control systems (ICS), and other critical network devices with the inexpensive Raspberry Pi. With this book, you will master passive monitoring and detection of aberrant behavior, and learn how to generate early indications and warning of attacks targeting IoT, ICS, and other critical network resources. Defending IoT Infrastructures with the Raspberry Pi provides techniques and scripts for the discovery of dangerous data leakage events emanating from IoT devices. Using Raspbian Linux and specialized Python scripts, the book walks through the steps necessary to monitor, detect, and respond to attacks targeting IoT devices. There are several books that cover IoT, IoT security, Raspberry Pi, and Python separately, but this book is the first of its kind to put them all together. It takes a practical approach, providing an entry point and level playing field for a wide range of individuals, small companies, researchers, academics, students, and hobbyists to participate. What You?ll Learn: Create a secure, operational Raspberry Pi IoT sensor Configure and train the sensor using ?normal? IoT behavior Establish analytics for detecting aberrant activities Generate real-time alerts to preempt attacks Identify and report data-leakage events originating from IoT devices Develop custom Python applications for cybersecurity. 606 $aData protection 606 $aPython (Computer program language) 606 $aComputer input-output equipment 606 $aSecurity$3https://scigraph.springernature.com/ontologies/product-market-codes/I28000 606 $aPython$3https://scigraph.springernature.com/ontologies/product-market-codes/I29080 606 $aHardware and Maker$3https://scigraph.springernature.com/ontologies/product-market-codes/I29010 615 0$aData protection. 615 0$aPython (Computer program language) 615 0$aComputer input-output equipment. 615 14$aSecurity. 615 24$aPython. 615 24$aHardware and Maker. 676 $a005.8 700 $aHosmer$b Chet$4aut$4http://id.loc.gov/vocabulary/relators/aut$0865893 801 0$bUMI 801 1$bUMI 906 $aBOOK 912 $a9910300757203321 996 $aDefending IoT Infrastructures with the Raspberry Pi$92497780 997 $aUNINA